00306nam a22000977a 4500082003000000245005100030260004800081300003400129526003700163650000800200 a343.015 bGOVcL-32, p-25 aOrdnance Regulation part-IIIbGovt of Pakistan aMinistry of DefencebGovt of Pakistanc1976 axiv, 137 p. :bill, ;c20 cm. a0b0c0d343_015000000000000_GOV aMCE